000 00521nam a22001937a 4500
003 KOHA_MİRAKIL
005 20250410142922.0
008 250410b tu ||||| |||| 00| 0 tur d
020 _a9789751044501
040 _aTR-AnABB
_btur
_cTR-AnABB
041 _atur
082 _a813.42
_bKUR 2023
100 1 _aKurşun, Serhan,
245 1 0 _aGaraz /
_cSerhan Kurşun
260 _aİstanbul :
_bİnkılap Yayınevi,
_c2023
300 _a288 sayfa ;
_c20 cm
650 0 4 _aTürk edebiyatı, roman
942 _2ddc
_cBK
999 _c8626
_d8626
900 _bGizem YORULMAZ